Statistiken für IRE 1 (Baden-Württemberg)

Klicken Sie hier um das Quiz zu spielen!

Allgemein

  • Dieses Quiz wurde 10 mal gespielt
  • Das Durchschnittsergebnis liegt bei 6 aus 10

Antwortstatistiken

Antwort% Korrekt
Stuttgart Hbf
100%
Karlsruhe Hbf
89%
Karlsruhe Durlach
67%
Pforzheim Hbf
67%
Aalen Hbf
56%
Schorndorf
56%
Schwäbisch Gmünd
56%
Vaihingen (Enz)
56%
Mühlacker
44%
Wilferdingen-Singen
44%

Verteilung der Resultate

Perzentil nach korrekt beantworteten Fragen

Anzahl Personen mit jedem Resultat

Ihre Resultats-Entwicklung

Sie haben dieses Quiz noch nicht gespielt